[Event "CRO-ch Youth U17 2020"]
[Site "Vinkovci"]
[Date "2020.08.01"]
[Round "5.5"]
[White "Mandaric, Fran"]
[Black "Vucenovic, Damian"]
[Result "0-1"]
[WhiteElo "1671"]
[BlackElo "1959"]
[Annotator "ChessBase"]
[PlyCount "116"]
[EventDate "2020.07.28"]
[EventType "swiss"]
[EventCountry "CRO"]
[TimeControl "5400+30"]

1. e4 {[%emt 0:00:30]} e5 {[%emt 0:00:30]} 2. Nf3 {[%emt 0:00:00]} Nc6 {[%emt 0:00:30]} 3. Bb5 {[%emt 0:00:00]} a6 {[%emt 0:00:30]} 4. Ba4 {[%emt 0:00:00]} Nf6 {[%emt 0:01:30]} 5. d3 {[%emt 0:00:00]} d6 {[%emt 0:01:30]} 6. c3 {[%emt 0:02:30]} Be7 {[%emt 0:01:30]} 7. O-O {[%emt 0:00:30]} O-O {[%emt 0:03:30]} 8. Nbd2 {[%emt 0:01:30]} b5 {[%emt 0:05:30]} 9. Bc2 {[%emt 0:03:30]} Bg4 {[%emt 0:07:30]} 10. h3 {[%emt 0:01:30]} Bh5 {[%emt 0:00:30]} 11. Re1 {[%emt 0:00:30]} Nd7 {[%emt 0:03:30]} 12. Nf1 {[%emt 0:00:30]} Nc5 {[%emt 0:05:30]} 13. Ng3 {[%emt 0:04:30]} Bxf3 {[%emt 0:00:30]} 14. Qxf3 {[%emt 0:00:30]} Ne6 {[%emt 0:02:30]} 15. Qg4 {[%emt 0:21:30]} Bg5 {[%emt 0:07:30]} 16. Bb3 {[%emt 0:06:30]} Bxc1 {[%emt 0:02:30]} 17. Raxc1 {[%emt 0:03:30]} Nf4 {[%emt 0:03:30]} 18. Nf5 {[%emt 0:14:30]} Qf6 {[%emt 0:02:30]} 19. Re3 {[%emt 0:05:30]} Ne7 {[%emt 0:02:30]} 20. Nxe7+ {[%emt 0:12:30]} Qxe7 {[%emt 0:00:30]} 21. Rg3 {[%emt 0:00:30]} Qf6 {[%emt 0:01:30]} 22. Re1 {[%emt 0:02:59]} Rad8 {[%emt 0:07:30]} 23. h4 {[%emt 0:02:48]} c6 {[%emt 0:08:30]} 24. d4 {[%emt 0:02:26]} a5 {[%emt 0:04:30]} 25. Qg5 {[%emt 0:06:06]} Qxg5 {[%emt 0:00:30]} 26. hxg5 {[%emt 0:00:25]} c5 {[%emt 0:01:30]} 27. d5 {[%emt 0:01:27]} g6 {[%emt 0:03:30]} 28. Rf3 {[%emt 0:00:51]} f5 {[%emt 0:00:30]} 29. gxf6 {[%emt 0:02:15]} Rxf6 {[%emt 0:00:30]} 30. Ree3 {[%emt 0:00:56]} Rdf8 {[%emt 0:01:30]} 31. g3 {[%emt 0:01:23]} Nh3+ {[%emt 0:01:53]} 32. Kg2 {[%emt 0:00:10]} Ng5 {[%emt 0:00:41]} 33. Rxf6 {[%emt 0:01:57]} Rxf6 {[%emt 0:00:06]} 34. a4 {[%emt 0:00:47]} c4 {[%emt 0:04:06]} 35. Ba2 {[%emt 0:00:54]} bxa4 {[%emt 0:00:45]} 36. Bxc4 {[%emt 0:00:11]} Rf8 {[%emt 0:00:19]} 37. Bb5 {[%emt 0:00:21]} Rb8 {[%emt 0:00:16]} 38. c4 {[%emt 0:00:06]} Nf7 {[%emt 0:01:35]} 39. f4 {[%emt 0:00:19]} g5 {[%emt 0:00:34]} 40. f5 {[%emt 0:01:28]} g4 {[%emt 0:00:28]} 41. Kf2 {[%emt 0:00:47]} Ng5 {[%emt 0:00:35]} 42. Ke2 {[%emt 0:01:01]} Nf3 {[%emt 0:00:53]} 43. Rd3 {[%emt 0:00:40]} Kf7 {[%emt 0:02:02]} 44. Kf2 {[%emt 0:00:38]} Kf6 {[%emt 0:00:32]} 45. Ke2 {[%emt 0:00:31]} Nd4+ {[%emt 0:00:42]} 46. Kd2 {[%emt 0:00:31]} Nxb5 {[%emt 0:01:22]} 47. cxb5 {[%emt 0:00:07]} Rxb5 {[%emt 0:00:04]} 48. Kc2 {[%emt 0:00:18]} h5 {[%emt 0:03:44]} 49. Rc3 {[%emt 0:00:34]} Rb4 {[%emt 0:03:31]} 50. Re3 {[%emt 0:00:47]} Rb3 {[%emt 0:00:39]} 51. Rxb3 {[%emt 0:00:29]} axb3+ {[%emt 0:00:05]} 52. Kd3 {[%emt 0:00:34]} a4 {[%emt 0:00:17]} 53. Kd2 {[%emt 0:00:12]} h4 {[%emt 0:00:21]} 54. gxh4 {[%emt 0:00:09]} g3 {[%emt 0:00:04]} 55. Ke2 {[%emt 0:01:15]} a3 {[%emt 0:00:08]} 56. h5 {[%emt 0:00:17]} axb2 {[%emt 0:00:27]} 57. h6 {[%emt 0:00:07]} b1=Q {[%emt 0:00:11]} 58. h7 {[%emt 0:00:10]} Qxe4+ {[%emt 0:00:06]} 0-1

[Event "CRO-ch Youth U17 2020"]
[Site "Vinkovci"]
[Date "2020.08.01"]
[Round "5.6"]
[White "Juric, Ester"]
[Black "Dejanovic, Tereza"]
[Result "0-1"]
[WhiteElo "1663"]
[BlackElo "1788"]
[Annotator "NA RC"]
[PlyCount "82"]
[EventDate "2020.07.28"]
[EventType "swiss"]
[EventCountry "CRO"]
[TimeControl "5400+30"]

1. d4 {[%emt 0:00:30]} d5 {[%emt 0:00:30]} 2. c4 {[%emt 0:00:00]} e6 {[%emt 0:00:00]} 3. Nc3 {[%emt 0:00:00]} Be7 {[%emt 0:00:00]} 4. Nf3 {[%emt 0:00:00]} Nf6 {[%emt 0:00:00]} 5. Bg5 {[%emt 0:00:00]} O-O {[%emt 0:00:00]} 6. e3 {[%emt 0:00:00]} h6 {[%emt 0:00:00]} 7. Bh4 {[%emt 0:00:00]} Ne4 {[%emt 0:00:00]} 8. Bxe7 {[%emt 0:00:30]} Qxe7 {[%emt 0:00:30]} 9. Rc1 {[%emt 0:00:30]} c6 {[%emt 0:00:00]} 10. Bd3 {[%emt 0:00:30]} Nxc3 {[%emt 0:00:00]} 11. Rxc3 {[%emt 0:00:00]} dxc4 {[%emt 0:00:30]} 12. Bxc4 {[%emt 0:00:00]} Nd7 {[%emt 0:00:00]} 13. O-O {[%emt 0:00:30]} b6 {[%emt 0:00:00]} 14. Re1 {[%emt 0:03:30]} Bb7 {[%emt 0:00:30]} 15. Qe2 {[%emt 0:04:30]} c5 {[%emt 0:03:30]} 16. Rd1 {[%emt 0:03:30]} Rfd8 {[%emt 0:06:30]} 17. d5 {[%emt 0:05:30]} exd5 {[%emt 0:02:30]} 18. Bxd5 {[%emt 0:00:30]} Bxd5 {[%emt 0:01:30]} 19. Rxd5 {[%emt 0:00:00]} Nf6 {[%emt 0:00:30]} 20. Rxd8+ {[%emt 0:01:00]} Rxd8 {[%emt 0:00:30]} 21. Rd3 {[%emt 0:00:30]} Rxd3 {[%emt 0:07:30]} 22. Qxd3 {[%emt 0:00:00]} Qe4 {[%emt 0:03:30]} 23. Qxe4 {[%emt 0:01:00]} Nxe4 {[%emt 0:00:30]} 24. Kf1 {[%emt 0:00:30]} f6 {[%emt 0:01:30]} 25. Ke2 {[%emt 0:00:30]} Kf7 {[%emt 0:00:30]} 26. Nd2 {[%emt 0:03:30]} Nxd2 {[%emt 0:02:30]} 27. Kxd2 {[%emt 0:00:00]} b5 {[%emt 0:01:30]} 28. Kd3 {[%emt 0:02:00]} Ke6 {[%emt 0:05:30]} 29. e4 {[%emt 0:08:30]} g5 {[%emt 0:10:30]} 30. Ke3 {[%emt 0:03:30]} Ke5 {[%emt 0:00:30]} 31. g3 {[%emt 0:00:00]} g4 {[%emt 0:00:30]} 32. f4+ {[%emt 0:00:00]} gxf3 {[%emt 0:00:30]} 33. Kxf3 {[%emt 0:00:30]} c4 {[%emt 0:01:30]} 34. Ke3 {[%emt 0:09:30]} b4 {[%emt 0:07:30]} 35. h4 {[%emt 0:06:30]} c3 {[%emt 0:09:30]} 36. bxc3 {[%emt 0:01:30]} bxc3 {[%emt 0:00:00]} 37. Kd3 {[%emt 0:00:30]} c2 {[%emt 0:00:00]} 38. Kxc2 {[%emt 0:00:30]} Kxe4 {[%emt 0:00:00]} 39. g4 {[%emt 0:00:30]} Kf3 {[%emt 0:01:00]} 40. g5 {[%emt 0:01:30]} fxg5 {[%emt 0:00:30]} 41. hxg5 {[%emt 0:00:00]} hxg5 {[%emt 0:00:00]} 0-1

[Event "CRO-ch Youth U17 2020"]
[Site "Vinkovci"]
[Date "2020.08.01"]
[Round "5.7"]
[White "Mihaljevic, Eva"]
[Black "Bevanda, Ema"]
[Result "1/2-1/2"]
[WhiteElo "1223"]
[BlackElo "1554"]
[Annotator "NA"]
[PlyCount "112"]
[EventDate "2020.07.28"]
[EventType "swiss"]
[EventCountry "CRO"]
[TimeControl "5400+30"]

1. d4 {[%emt 0:00:30]} e6 {[%emt 0:00:30]} 2. Bf4 {[%emt 0:00:00]} f5 {[%emt 0:00:00]} 3. e3 {[%emt 0:00:00]} Nf6 {[%emt 0:00:00]} 4. h3 {[%emt 0:00:00]} g6 {[%emt 0:00:30]} 5. g4 {[%emt 0:05:00]} d6 {[%emt 0:02:30]} 6. gxf5 {[%emt 0:06:30]} exf5 {[%emt 0:02:30]} 7. Be2 {[%emt 0:01:30]} Be7 {[%emt 0:08:30]} 8. Nd2 {[%emt 0:07:30]} Nd5 {[%emt 0:10:30]} 9. Bg3 {[%emt 0:11:30]} Rf8 {[%emt 0:04:30]} 10. c4 {[%emt 0:02:30]} f4 {[%emt 0:20:30]} 11. exf4 {[%emt 0:21:30]} Nxf4 {[%emt 0:00:00]} 12. Qb3 {[%emt 0:02:30]} Nc6 {[%emt 0:12:00]} 13. O-O-O {[%emt 0:06:30]} Nxd4 {[%emt 0:04:30]} 14. Qe3 {[%emt 0:01:30]} Nfxe2+ {[%emt 0:09:30]} 15. Nxe2 {[%emt 0:00:30]} Nf5 {[%emt 0:01:30]} 16. Qe4 {[%emt 0:03:30]} Qd7 {[%emt 0:03:07]} 17. Nf4 {[%emt 0:06:30]} c6 {[%emt 0:06:49]} 18. h4 {[%emt 0:04:14]} Nxg3 {[%emt 0:03:19]} 19. fxg3 {[%emt 0:00:20]} Qf5 {[%emt 0:00:07]} 20. Qe3 {[%emt 0:01:27]} Qe5 {[%emt 0:00:46]} 21. Qb3 {[%emt 0:03:17]} Kd8 {[%emt 0:00:46]} 22. Rhe1 {[%emt 0:01:22]} Qf5 {[%emt 0:00:05]} 23. Ne4 {[%emt 0:01:42]} Kc7 {[%emt 0:00:43]} 24. Qb4 {[%emt 0:04:26]} Rd8 {[%emt 0:04:21]} 25. Qc3 {[%emt 0:05:37]} Qe5 {[%emt 0:02:45]} 26. Qf3 {[%emt 0:01:29]} Qg7 {[%emt 0:00:58]} 27. Nc3 {[%emt 0:01:05]} Bf6 {[%emt 0:00:54]} 28. Nfd5+ {[%emt 0:00:49]} cxd5 {[%emt 0:00:38]} 29. Nxd5+ {[%emt 0:00:01]} Kb8 {[%emt 0:00:12]} 30. Qxf6 {[%emt 0:00:12]} Qxf6 {[%emt 0:01:02]} 31. Nxf6 {[%emt 0:00:04]} Kc7 {[%emt 0:00:35]} 32. Re7+ {[%emt 0:00:09]} Kc6 {[%emt 0:00:13]} 33. Rxh7 {[%emt 0:00:55]} Rf8 {[%emt 0:00:38]} 34. Ne4 {[%emt 0:00:15]} Rd8 {[%emt 0:00:18]} 35. b4 {[%emt 0:00:17]} b5 {[%emt 0:00:51]} 36. cxb5+ {[%emt 0:01:28]} Kxb5 {[%emt 0:00:28]} 37. Rxd6 {[%emt 0:00:21]} Bf5 {[%emt 0:00:52]} 38. Rb7+ {[%emt 0:00:24]} Kc4 {[%emt 0:00:30]} 39. Nd2+ {[%emt 0:00:30]} Kc3 {[%emt 0:00:10]} 40. Rc6+ {[%emt 0:01:03]} Kd3 {[%emt 0:00:20]} 41. Nc4 {[%emt 0:00:49]} Be4 {[%emt 0:01:02]} 42. Nb2+ {[%emt 0:00:15]} Ke3 {[%emt 0:00:23]} 43. Rc3+ {[%emt 0:00:10]} Kf2 {[%emt 0:00:34]} 44. Rf7+ {[%emt 0:00:40]} Kg2 {[%emt 0:00:17]} 45. g4 {[%emt 0:00:35]} Rac8 {[%emt 0:00:38]} 46. Na4 {[%emt 0:00:50]} Bd5 {[%emt 0:00:33]} 47. Rxa7 {[%emt 0:00:32]} Bxa2 {[%emt 0:00:25]} 48. Nc5 {[%emt 0:00:36]} Bd5 {[%emt 0:00:30]} 49. b5 {[%emt 0:00:34]} Re8 {[%emt 0:00:39]} 50. Kd2 {[%emt 0:00:30]} Rcd8 {[%emt 0:00:18]} 51. Rd3 {[%emt 0:00:15]} Bc4 {[%emt 0:00:37]} 52. Rxd8 {[%emt 0:00:15]} Rxd8+ {[%emt 0:00:00]} 53. Kc3 {[%emt 0:00:05]} Bxb5 {[%emt 0:00:01]} 54. h5 {[%emt 0:00:27]} gxh5 {[%emt 0:01:01]} 55. gxh5 {[%emt 0:00:01]} Rh8 {[%emt 0:00:49]} 56. Ne6 {[%emt 0:00:52]} Kg3 {[%emt 0:00:42]} 1/2-1/2

[Event "CRO-ch Youth U17 2020"]
[Site "Vinkovci"]
[Date "2020.08.01"]
[Round "5.8"]
[White "Smetisko, Lucija"]
[Black "Bedic, Noemi"]
[Result "0-1"]
[WhiteElo "1567"]
[BlackElo "1712"]
[Annotator "NA RC"]
[PlyCount "92"]
[EventDate "2020.07.28"]
[EventType "swiss"]
[EventCountry "CRO"]
[TimeControl "5400+30"]

1. d4 {[%emt 0:00:00]} Nf6 {[%emt 0:00:00]} 2. c4 {[%emt 0:01:00]} g6 {[%emt 0:00:00]} 3. Nc3 {[%emt 0:00:30]} Bg7 {[%emt 0:00:00]} 4. e4 {[%emt 0:00:30]} d6 {[%emt 0:00:00]} 5. Bg5 {[%emt 0:02:30]} O-O {[%emt 0:01:30]} 6. Nf3 {[%emt 0:05:30]} h6 {[%emt 0:02:30]} 7. Be3 {[%emt 0:02:30]} e5 {[%emt 0:05:30]} 8. dxe5 {[%emt 0:25:30]} dxe5 {[%emt 0:00:00]} 9. Qd2 {[%emt 0:00:30]} Qxd2+ {[%emt 0:03:00]} 10. Bxd2 {[%emt 0:02:30]} Na6 {[%emt 0:12:30]} 11. O-O-O {[%emt 0:06:30]} Nc5 {[%emt 0:05:30]} 12. Re1 {[%emt 0:02:30]} Ng4 {[%emt 0:02:30]} 13. Be3 {[%emt 0:01:30]} Nxe3 {[%emt 0:00:30]} 14. Rxe3 {[%emt 0:00:30]} c6 {[%emt 0:00:30]} 15. b4 {[%emt 0:06:30]} Ne6 {[%emt 0:00:30]} 16. g3 {[%emt 0:03:30]} h5 {[%emt 0:00:30]} 17. Rd3 {[%emt 0:02:30]} a5 {[%emt 0:04:30]} 18. b5 {[%emt 0:03:30]} Nc5 {[%emt 0:00:30]} 19. Rd6 {[%emt 0:02:30]} Bd7 {[%emt 0:03:30]} 20. Be2 {[%emt 0:06:30]} Rfd8 {[%emt 0:05:30]} 21. Rhd1 {[%emt 0:01:30]} Bf8 {[%emt 0:00:00]} 22. R6d2 {[%emt 0:00:30]} Bh6 {[%emt 0:00:00]} 23. Nxe5 {[%emt 0:01:30]} Bxd2+ {[%emt 0:00:30]} 24. Rxd2 {[%emt 0:00:30]} cxb5 {[%emt 0:07:30]} 25. cxb5 {[%emt 0:07:52]} Rac8 {[%emt 0:05:30]} 26. Kb2 {[%emt 0:01:37]} Be6 {[%emt 0:02:30]} 27. Rd1 {[%emt 0:08:17]} Rxd1 {[%emt 0:00:30]} 28. Bxd1 {[%emt 0:00:06]} Rd8 {[%emt 0:00:30]} 29. Kc2 {[%emt 0:00:07]} Kg7 {[%emt 0:02:30]} 30. Be2 {[%emt 0:00:51]} f5 {[%emt 0:03:30]} 31. f3 {[%emt 0:01:52]} fxe4 {[%emt 0:00:00]} 32. fxe4 {[%emt 0:00:22]} Rf8 {[%emt 0:02:00]} 33. Kd2 {[%emt 0:02:40]} Re8 {[%emt 0:04:30]} 34. Ke3 {[%emt 0:01:03]} Kf6 {[%emt 0:03:30]} 35. Nc4 {[%emt 0:00:30]} Bxc4 {[%emt 0:01:30]} 36. Bxc4 {[%emt 0:00:04]} Ke5 {[%emt 0:03:30]} 37. Bf7 {[%emt 0:01:31]} Rd8 {[%emt 0:00:30]} 38. Bd5 {[%emt 0:00:33]} g5 {[%emt 0:00:30]} 39. Ne2 {[%emt 0:00:23]} a4 {[%emt 0:01:30]} 40. Nd4 {[%emt 0:00:26]} g4 {[%emt 0:00:31]} 41. Nc2 {[%emt 0:00:39]} Rf8 {[%emt 0:00:29]} 42. Ne1 {[%emt 0:00:35]} b6 {[%emt 0:01:47]} 43. Ng2 {[%emt 0:00:28]} Rf3+ {[%emt 0:00:22]} 44. Ke2 {[%emt 0:00:05]} Nxe4 {[%emt 0:00:44]} 45. Bxe4 {[%emt 0:00:37]} Kxe4 {[%emt 0:00:29]} 46. Nf4 {[%emt 0:00:04]} Ra3 {[%emt 0:00:12]} 0-1

[Event "CRO-ch Youth U17 2020"]
[Site "Vinkovci"]
[Date "2020.08.01"]
[Round "6.1"]
[White "Jurakic, Lukas"]
[Black "Ljubicic, Mario"]
[Result "0-1"]
[WhiteElo "2023"]
[BlackElo "1966"]
[Annotator "TA"]
[PlyCount "118"]
[EventDate "2020.07.28"]
[EventType "swiss"]
[EventCountry "CRO"]

{[%evp 29,118,67,68,17,82,72,71,55,75,74,72,67,72,44,139,133,154,67,76,57,65,0,0,0,0,0,7,0,0,-42,300,294,266,284,304,298,281,291,333,346,331,307,281,70,65,0,0,-18,-22,-300,-95,-713,0,-727,-636,-786,-691,-657,-240,-697,-673,-608,-521,-717,-650,-1386,-1444,-1790,-1571,-12841,-1540,-2481,-2357,-2044,-2045,-29991,-29992,-29992,-29993,-29993,-29994,-29994,-29995,-29995,-29996,-29996,-29997,-29997,-29998,-29998,-29999]} 1. e4 e5 2. Nf3 Nc6 3. Bb5 a6 4. Ba4 Nf6 5. O-O Be7 6. Re1 b5 7. Bb3 d6 8. c3 O-O 9. h3 Na5 10. Bc2 c5 11. d4 Qc7 12. Nbd2 Nc6 13. d5 Nd8 14. a4 Rb8 15. axb5 axb5 16. Nf1 {C98: Closed Ruy Lopez: Chigorin Defence: 11 d4 Qc7 12 Nbd2 Nc6.} ({Better is} 16. c4 $14) 16... Ne8 (16... c4 $11) 17. Ng3 f6 18. b4 {White is better.} c4 19. Be3 Nf7 20. Nh2 g6 21. f4 Ng7 (21... exf4 $14 22. Bxf4 Qb7) 22. f5 $1 $16 Bd7 23. Rf1 (23. Ra7 $16 Rb7 24. Ra6) 23... Ra8 $14 {[#]} 24. Rxa8 $146 ({Predecessor:} 24. Ng4 g5 25. Nh2 Rxa1 26. Qxa1 Qb7 27. Qd1 Bd8 28. Kh1 Bb6 29. Bc1 Ra8 30. h4 gxh4 {1-0 (57) Bracker,F (2280)-Tuma,J (2288) Olomouc 2009}) 24... Rxa8 25. fxg6 (25. h4 $14) 25... hxg6 $11 26. Ng4 Ne8 27. Qf3 Qc8 28. Nh2 Ng7 29. h4 f5 $2 {[%mdl 8192]} (29... Ra2 $15 {stays ahead.} 30. Bb1 Rb2) 30. exf5 $18 gxf5 31. Nh5 $1 Bxh4 32. Nxg7 Kxg7 33. Qh3 $1 {[%cal Rc2f5]} ({Don't blunder} 33. Qh5 $2 Qh8 $19) 33... Bg5 34. Bxg5 Nxg5 35. Qh5 $1 {[%cal Rh5g5]} Nh7 {[#] Hoping for ...Qe8.} ({Of course not} 35... Qd8 $6 36. Bxf5 Be8 37. Qg4 $18) 36. Bxf5 $2 (36. Ng4 $1 $18 {[%mdl 512] Threatens to win with Qh6+.} Qe8 (36... fxg4 37. Qxh7#) 37. Qh6+ {[%mdl 64] Double Attack} Kh8 38. Nf6 $1 {[%mdl 512]} (38. Bxf5 Bxf5 39. Rxf5 Qe7 $18)) 36... Bxf5 $14 37. Rxf5 (37. Ng4 $1 $14 Bg6 38. Qh6+ Kh8 39. Qxg6) 37... Qe8 $1 $11 {[%cal Re8h5] And now ...Qxh5 would win.} 38. Qg4+ Qg6 {Strongly threatening ...Ra1+.} 39. Qf3 $2 {[%mdl 8192] Black converts the advantage convincingly.} (39. Qh3 $1 $11 {and White has nothing to worry.}) 39... Ng5 $2 (39... Ra1+ $19 {is more deadly.} 40. Nf1 Nf6) 40. Qf1 $2 {[%mdl 8192]} (40. Qg4 $17 Nf7 41. Qh3) 40... Nh3+ $19 41. Kh1 Nf4 42. g4 Rf8 43. Rxf8 Qe4+ $2 (43... Kxf8 44. Qf3 Qf7) 44. Kg1 $2 (44. Qf3 Qxf3+ 45. Nxf3 Kxf8 46. Nd2) 44... Kxf8 45. Nf3 Qxd5 46. Ng5 Ke7 47. Kh2 Qd2+ {[%mdl 64] Double Attack} 48. Kg3 Qxc3+ {[%mdl 64] Double Attack} 49. Kh4 Qxb4 (49... Qe3 $142 50. Nh7 {[#]} Qd3 $1 {[%mdl 512]} 51. Qxd3 cxd3) 50. Qa1 Qc5 {[%cal Rc5f2]} 51. Ne4 Qe3 {( -> ...Qh3+)} 52. Qa8 Qh3+ {Black mates.} 53. Kg5 Ne6+ 54. Kg6 Qxg4+ 55. Kh6 Qg7+ 56. Kh5 Nf4+ 57. Kh4 Qh6+ 58. Kg3 Qh3+ 59. Kf2 Qg2+ {Accuracy: White = 41%, Black = 66%.} 0-1

[Event "CRO-ch Youth U17 2020"]
[Site "Vinkovci"]
[Date "2020.08.01"]
[Round "6.2"]
[White "Troselj, Ivan"]
[Black "Kovac, Petar"]
[Result "0-1"]
[WhiteElo "1857"]
[BlackElo "1949"]
[Annotator "ChessBase"]
[PlyCount "124"]
[EventDate "2020.07.28"]
[EventType "swiss"]
[EventCountry "CRO"]
[TimeControl "5400+30"]

1. e4 {[%emt 0:00:30]} e6 {[%emt 0:00:30]} 2. d4 {[%emt 0:00:00]} d5 {[%emt 0:00:00]} 3. exd5 {[%emt 0:00:00]} exd5 {[%emt 0:00:00]} 4. Nf3 {[%emt 0:00:00]} Nc6 {[%emt 0:00:00]} 5. Bb5 {[%emt 0:00:00]} Bd6 {[%emt 0:00:00]} 6. c4 {[%emt 0:00:30]} dxc4 {[%emt 0:00:30]} 7. d5 {[%emt 0:00:00]} a6 {[%emt 0:00:00]} 8. Ba4 {[%emt 0:00:00]} b5 {[%emt 0:00:00]} 9. dxc6 {[%emt 0:00:00]} bxa4 {[%emt 0:00:00]} 10. O-O {[%emt 0:00:00]} Ne7 {[%emt 0:00:00]} 11. Qxa4 {[%emt 0:00:30]} O-O {[%emt 0:00:30]} 12. Nbd2 {[%emt 0:01:30]} Rb8 {[%emt 0:02:30]} 13. a3 {[%emt 0:00:30]} c3 {[%emt 0:00:30]} 14. bxc3 {[%emt 0:01:30]} Bf5 {[%emt 0:01:30]} 15. Nd4 {[%emt 0:10:30]} Bd3 {[%emt 0:02:30]} 16. Re1 {[%emt 0:00:30]} Nd5 {[%emt 0:02:30]} 17. N2f3 {[%emt 0:04:30]} Qf6 {[%emt 0:06:30]} 18. Bg5 {[%emt 0:07:30]} Qg6 {[%emt 0:01:30]} 19. Qa5 {[%emt 0:00:30]} Bc4 {[%emt 0:02:30]} 20. Bh4 {[%emt 0:06:30]} Rb2 {[%emt 0:06:30]} 21. Bg3 {[%emt 0:02:30]} h6 {[%emt 0:02:30]} 22. Rad1 {[%emt 0:15:30]} Ra2 {[%emt 0:02:30]} 23. Ne5 {[%emt 0:01:30]} Bxe5 {[%emt 0:01:30]} 24. Bxe5 {[%emt 0:00:30]} Rb8 {[%emt 0:02:30]} 25. Qc5 {[%emt 0:04:30]} Rxf2 {[%emt 0:08:30]} 26. Kxf2 {[%emt 0:10:30]} Rb2+ {[%emt 0:00:30]} 27. Ne2 {[%emt 0:00:00]} Bxe2 {[%emt 0:00:30]} 28. Rxe2 {[%emt 0:00:00]} Qf5+ {[%emt 0:00:30]} 29. Kg1 {[%emt 0:00:30]} Rxe2 {[%emt 0:00:30]} 30. Bg3 {[%emt 0:01:30]} Rxg2+ {[%emt 0:00:30]} 31. Kh1 {[%emt 0:00:30]} Rxg3 {[%emt 0:01:30]} 32. Qxd5 {[%emt 0:00:30]} Qxd5+ {[%emt 0:01:30]} 33. Rxd5 {[%emt 0:00:30]} Rxc3 {[%emt 0:00:00]} 34. Rd8+ {[%emt 0:00:30]} Kh7 {[%emt 0:00:00]} 35. Rd7 {[%emt 0:00:00]} Rxc6 {[%emt 0:00:00]} 36. Rxf7 {[%emt 0:00:00]} Rc2 {[%emt 0:00:00]} 37. Rf4 {[%emt 0:00:00]} Rc5 {[%emt 0:03:30]} 38. Ra4 {[%emt 0:00:00]} a5 {[%emt 0:00:00]} 39. Kg2 {[%emt 0:00:30]} Kg6 {[%emt 0:00:00]} 40. Kf3 {[%emt 0:00:30]} Kf5 {[%emt 0:01:30]} 41. Rf4+ {[%emt 0:00:30]} Ke6 {[%emt 0:00:00]} 42. Ra4 {[%emt 0:00:00]} Kd5 {[%emt 0:01:00]} 43. h4 {[%emt 0:00:00]} g5 {[%emt 0:00:30]} 44. hxg5 {[%emt 0:00:30]} hxg5 {[%emt 0:00:00]} 45. Ke2 {[%emt 0:00:00]} Kc6 {[%emt 0:00:00]} 46. Kd3 {[%emt 0:01:00]} Rd5+ {[%emt 0:00:30]} 47. Kc3 {[%emt 0:00:00]} Rf5 {[%emt 0:01:30]} 48. Rg4 {[%emt 0:00:00]} Kb6 {[%emt 0:00:00]} 49. Kb3 {[%emt 0:01:30]} Kc5 {[%emt 0:01:00]} 50. Kc3 {[%emt 0:00:30]} Kd5 {[%emt 0:00:30]} 51. Ra4 {[%emt 0:00:30]} Kd6 {[%emt 0:00:30]} 52. Kd2 {[%emt 0:01:30]} Re5 {[%emt 0:00:30]} 53. Rg4 {[%emt 0:00:30]} Ke6 {[%emt 0:00:30]} 54. Rc4 {[%emt 0:00:00]} Kf5 {[%emt 0:02:30]} 55. Rxc7 {[%emt 0:00:00]} Kf4 {[%emt 0:00:00]} 56. Rf7+ {[%emt 0:00:30]} Kg3 {[%emt 0:00:00]} 57. Kd3 {[%emt 0:00:30]} g4 {[%emt 0:00:30]} 58. Kd4 {[%emt 0:00:00]} Rb5 {[%emt 0:01:30]} 59. Kc4 {[%emt 0:00:00]} Rh5 {[%emt 0:00:00]} 60. Kd4 {[%emt 0:01:30]} Kh2 {[%emt 0:00:00]} 61. Rg7 {[%emt 0:00:30]} g3 {[%emt 0:00:30]} 62. Ke3 {[%emt 0:00:00]} g2 {[%emt 0:00:00]} 0-1

[Event "CRO-ch Youth U17 2020"]
[Site "Vinkovci"]
[Date "2020.07.31"]
[Round "6.3"]
[White "Mahecic, Lovre"]
[Black "Levacic, Matej"]
[Result "1/2-1/2"]
[WhiteElo "1949"]
[BlackElo "2040"]
[Annotator "TA"]
[PlyCount "74"]
[EventDate "2020.07.28"]
[EventType "swiss"]
[EventCountry "CRO"]
[SourceTitle "playchess.com"]
[Source "ChessBase"]
[SourceQuality "1"]

{[%evp 9,74,0,-10,-7,1,0,0,0,0,0,0,0,66,16,15,11,18,17,78,83,84,84,82,85,81,85,87,88,87,81,81,85,78,85,84,76,88,65,66,51,66,64,58,31,60,34,47,16,30,28,28,23,79,57,60,66,79,24,8,16,11,0,0,0,6,0,6]} 1. c4 Nf6 2. Nc3 e5 3. g3 Bb4 4. Bg2 O-O 5. Nf3 e4 6. Nd4 {A22: English Opening: 1...e5 2 Nc3 Nf6.} Nc6 7. Nxc6 dxc6 8. Nxe4 Nxe4 9. Bxe4 Qd4 {[#]} 10. Qc2 $146 ({Predecessor:} 10. Bd3 Re8 11. O-O Bh3 12. Re1 b5 13. cxb5 cxb5 14. Qc2 Bc5 15. e3 Qd5 16. f3 Qxf3 {0-1 (67) Skaraki,G (1084)-Christopoulou,N Achaia 2017}) 10... f5 (10... Re8 $1 $11 11. Bxh7+ Kh8) 11. Bg2 Be6 12. O-O Bxc4 13. d3 Bd5 (13... Be6 $11 {remains equal.}) 14. Be3 $36 {[%mdl 2048] Black is under strong pressure.} Qe5 15. Bf4 Qe7 {[#]} 16. Bxd5+ $1 cxd5 17. Qxc7 Qxc7 18. Bxc7 Rac8 19. Rac1 Bd2 20. Rc2 Rf7 {[#] ...Bh6 is the strong threat.} 21. Rxd2 Rfxc7 {[%mdl 4096] Endgame KRR-KRR} 22. Kg2 Kf7 23. e3 g5 24. b4 Ke6 25. Rb1 Rc2 26. Rbd1 R8c3 27. h3 h5 28. h4 g4 29. Kf1 Kd6 30. Ke2 Kc6 (30... Rxd2+ $11 31. Rxd2 (31. Kxd2 Ra3 $11) 31... b6) 31. Rxc2 Rxc2+ {KR-KR} 32. Rd2 Rc1 33. Rb2 (33. a4 $16) 33... Kb5 $11 34. Kd2 {The position is equal.} Rc6 35. Rb3 {next Ra3 is good for White.} Ra6 36. Rb2 {And now Kc3 would win.} Rc6 37. Rb3 {White wants to play Ra3.} Ka4 {Accuracy: White = 81%, Black = 81%.} 1/2-1/2